Deep levels of nitrogen vacancy complexes in graphite-like boron nitride; Physics of the Solid State; Vol. 44, iss. 2

Dades bibliogràfiques
Parent link:Physics of the Solid State: Scientific Journal
Vol. 44, iss. 2.— 2002.— [P. 286-293]
Autor principal: Grinyaev S. N. Sergey Nikolaevich
Altres autors: Konusov F. V. Fedor Valerievich, Lopatin V. V. Vladimir Vasilyevich
Sumari:Title screen
The deformation surface pattern generated on the faces of a copper single crystal loaded by a compression force and simultaneously sliding over the counterbody surface has been studied. The samples under study are copper single crystals with different orientations of the compression axis, which are grown by the Bridgman method. The study of the friction of single crystals with the orientations [110] and [ 1Ї 11] has revealed that the shear systems whose action manifests itself on side faces are localized near the friction zones. The density of traces formed in this process decreases with the distance from the butt-end. The [110] single crystal has regions of higher density near the butt-end. Different patterns of shear on the side faces of [ 1Ї 11] single crystals, resulting from the friction and uniaxial compressions, have been observed: they consist in the absence of deformation macrobands during friction.
Режим доступа: по договору с организацией-держателем ресурса
Idioma:anglès
Publicat: 2002
Matèries:
Accés en línia:http://link.springer.com/article/10.1134%2F1.1451015
Format: MixedMaterials Electrònic Capítol de llibre
KOHA link:https://koha.lib.tpu.ru/cgi-bin/koha/opac-detail.pl?biblionumber=637349

MARC

LEADER 00000nla0a2200000 4500
001 637349
005 20250418093111.0
035 |a (RuTPU)RU\TPU\network\1450 
035 |a RU\TPU\network\77 
090 |a 637349 
100 |a 20140827d2002 k||y0rusy50 ba 
101 0 |a eng 
102 |a DE 
135 |a drcn ---uucaa 
181 0 |a i  
182 0 |a b 
200 1 |a Deep levels of nitrogen vacancy complexes in graphite-like boron nitride  |f S. N. Grinyaev, F. V. Konusov, V. V. Lopatin 
203 |a Text  |c electronic 
300 |a Title screen 
320 |a [Ref.: p. 293 (33 tit.)] 
330 |a The deformation surface pattern generated on the faces of a copper single crystal loaded by a compression force and simultaneously sliding over the counterbody surface has been studied. The samples under study are copper single crystals with different orientations of the compression axis, which are grown by the Bridgman method. The study of the friction of single crystals with the orientations [110] and [ 1Ї 11] has revealed that the shear systems whose action manifests itself on side faces are localized near the friction zones. The density of traces formed in this process decreases with the distance from the butt-end. The [110] single crystal has regions of higher density near the butt-end. Different patterns of shear on the side faces of [ 1Ї 11] single crystals, resulting from the friction and uniaxial compressions, have been observed: they consist in the absence of deformation macrobands during friction. 
333 |a Режим доступа: по договору с организацией-держателем ресурса 
461 |t Physics of the Solid State  |o Scientific Journal 
463 |t Vol. 44, iss. 2  |v [P. 286-293]  |d 2002 
610 1 |a электронный ресурс 
610 1 |a труды учёных ТПУ 
610 1 |a нитриты 
610 1 |a бор 
610 1 |a азот 
700 1 |a Grinyaev  |b S. N.  |c physicist  |c Associate Professor of Tomsk Polytechnic University, Candidate of physical and mathematical science  |f 1951-  |g Sergey Nikolaevich  |3 (RuTPU)RU\TPU\pers\32574 
701 1 |a Konusov  |b F. V.  |c physicist  |c Lead Engineer of Tomsk Polytechnic University, Candidate of physical and mathematical sciences  |f 1958-  |g Fedor Valerievich  |3 (RuTPU)RU\TPU\pers\32570  |9 16491 
701 1 |a Lopatin  |b V. V.  |c Doctor of physical and mathematical sciences  |c Professor of Tomsk Polytechnic University (TPU)  |f 1947-  |g Vladimir Vasilyevich  |3 (RuTPU)RU\TPU\pers\30091 
801 2 |a RU  |b 63413507  |c 20140922  |g RCR 
850 |a 63413507 
856 4 |u http://link.springer.com/article/10.1134%2F1.1451015 
942 |c CF